000 00693cab a2200229 4500
001 ABS49500
008 090401t1993 xxu||||| |||| 00| 0 eng d
035 _a(Sirsi) u71603
041 _aeng
100 _aVilley, V.
245 _aDisk jockeys
260 _c1993
350 _a0
490 _aChartered Quantity Surveyor
_v16(2) October 1993, 7(1)
520 _aCD-ROM is making an impact on the information technology world. Shows the benefits of CD-ROM technology to quantity surveyors.
650 _aCD-ROM
650 _aCOMPUTERS
690 _aMANAGEMENT-BUSINESS MANAGEMENT-INFORMATION MANAGEMENT
690 _aQuantity surveying
_96263
942 _n0
948 _c04/03/1997
999 _c45165
_d45165